000 01220nam0a22003371 4500
001 RU\NLR\CVI\004999409
005 20251118180556.2
035 _a(NLR Aleph) 004999409
035 _av19\rc\1910874
090 _a13424275
_c13424275
100 _a20080404d1911 |||y0rusy50 ca
101 0 _arus
102 _aRU
105 _ac z |||||
200 1 _aСорок шесть литографированных портретов членов Российской академии
_fС ист. справкой Б.Л. Модзалевского
210 _aСанкт-Петербург
_cтип. Имп. Акад. наук
_d1911
215 _a[4], 28 с., 46 л. портр. с надписями на отд. листах
_d30
702 1 _aМодзалевский
_bБ. Л.
_f1874-1928
_gБорис Львович
_4080
712 0 2 _aРоссийская академия
_cПетербург
_3RU\NLR\AUTH\888517
801 0 _aRU
_bNLR
_gpsbo
801 0 _aRU
_bRuMoRGB
_2psbo
801 1 _aRU
_bProSoft-M
_2rusmarc
852 _aNLR
_jКрI-1463
852 _aNLR
_j340/23
899 _aRuMoRGB
_jМК
899 _aБАН
899 _aГПИБ
942 _cBOOK
980 _aNB
980 _aKRCH